| 000 | 01023cam a2200349Ma 4500 | ||
|---|---|---|---|
| 001 | 96558 | ||
| 005 | 20230410105613.0 | ||
| 008 | 100922s2009 fr 000 0 fre d | ||
| 035 | _a(OCoLC)ocn672203471 | ||
| 040 |
_aLVB _bfre _cLVB |
||
| 020 | _a9782130574699 | ||
| 020 | _a2130574696 | ||
| 035 | _a(OCoLC)672203471 | ||
| 050 | 1 | 4 |
_aHD 30.3 _bG537c 2009 |
| 100 | 1 | _aGiuily, Eric. | |
| 245 | 1 | 3 |
_aLa communication institutionnelle : _bprivé/public : le manuel des stratégies / _céric Giuily. |
| 250 | _a1re éd. | ||
| 260 |
_aParis : _bPresses Universitaires de France, _cc2009. |
||
| 300 | _a184 p. | ||
| 490 | 1 | _aQuadrige | |
| 490 | 0 | _aQuadrige. Manuels | |
| 504 | _aBibliogr.: p. [179]-180. | ||
| 650 | 0 | _aCommunication in management. | |
| 650 | 4 | _aComunicación en administración. | |
| 650 | 6 | _aCommunication dans l'entreprise. | |
| 650 | 6 |
_aEntreprises _xImage. |
|
| 650 | 6 | _aMarketing stratégique. | |
| 830 | 0 | _aQuadrige. | |
| 942 |
_2lcc _cbk |
||
| 946 | _amjcruz | ||
| 994 |
_aC0 _bDRFGD |
||
| 999 |
_c40141 _d40141 |
||